| 000 | 00794nam a2200229 a 4500 | ||
|---|---|---|---|
| 001 | BRCA_1666 | ||
| 005 | 20190320203511.0 | ||
| 008 | 140408s1984----sp-a---###---#000-0#spa-# | ||
| 020 | _a8434581610 | ||
| 050 | 4 |
_aND813.V4 _b.G39 1984 |
|
| 100 | 1 |
_aGaya Nuño, Juan Antonio _95192 |
|
| 245 | 1 | 0 |
_aVelázquez _cJuan A. Gaya Nuño ; prólogo José Luis Morales Marín. |
| 260 |
_aBarcelona _bSalvat _c1984 |
||
| 300 |
_a197 p. _bil. _c20 cm. |
||
| 440 | 0 |
_aBiblioteca Salvat de Grandes Biografías _v17 _95193 |
|
| 500 | _aIncluye cronología | ||
| 504 | _aBibliografía: p. 197 | ||
| 600 | 1 | 4 |
_aVelázquez, Diego Rodríguez de Silva y _d1599-1660 _xCrítica e interpretación _95194 |
| 650 | 1 | 4 |
_aPintores _ySiglo XVII _zEspaña _95195 |
| 700 | 1 |
_aMorales Marín, José Luis _95196 |
|
| 942 |
_2lcc _cB |
||
| 999 |
_c1462 _d1462 |
||